02379agaaa2200313 45000010005000000030009000050050017000140070009000310080040000400400023000800410013001031000047001161300009001632400016001722450157001882460009003452500022003542600102003763000034004785080193005125110089007055201003007945380016017975460013018136500063018267000060018897000059019497000057020081585IT-RoPAU20220918181249.0d cvaizq50131s9999||||xx ||| | || ||und|| aIT-RoPAUcIT-RoPAU aITALIANO aPolanski RomangCodice regista SPICS: 1627 aTESS aTESSgT1715 aTESScProdotto da: Berri Claude -- Sceneggiatura: Brach Gerard Polanski Roman -- Diretto da: Polanski RomanpTESS (Rif. Codice opera principale : 21585) aTESS aEdizione Standard aFRANCIA (FRANCIA - INGHILT)bRENN PRODUCTIONS / g"1979 (1° ed.: 1983 ; Ed. Lingua Orig.: 1979)" aVHSbsonoro, col.c180 minuti a"Fotografia: Unsworth G. Ghislam ; Montaggio: Mcintyre Alastair; Musica: Sarde Philippe; Sceneggiatura: Brach Gerard Polanski Roman; Scenografia: Guffroy Pierre; Coreografia: Lefton Sue; " a"Collin John; Church Tony; Kinski Nastassia; Erin Brigin; Bires Jeanne; Firth Peter" aUMILE RAGAZZA DI CAMPAGNA FIGLIA DEL POVERO JACK DURBEYFIELD TESS VIENE INFORMATA UN GIORNO CHE SUO PADRE POTREBBE ESSERE DISCENDENTE DELLA FAMOSA CASATA DEI D'URBERVILLE SPEDITA DAI GENITORI A CONOSCERE I PRESUNTI PARENTI VIENE SEDOTTA DA GIOVANE RICCO ALEC STOKE LA CUI MADRE E' DIVENTATA UNA D'URBERVILLE COMPRANDOSI IL COGNOME DEGLI ANTENATI DI JACK RIMASTA INCINTA TESSTORNA DAI SUOI MA IL FIGLIOLETTO LE MUORE ANCORA IN FASCE VA A LAVORARE COME MUNGITRICE IN UNA FATTORIA VI CONOSCE IL GIOVANE ANGEL CLARE FIGLIO DI UN PASTORE SE NE INNAMORA E LO SPOSA LA NOTTE DELLE NOZZE GLI CONFESSA IL SUO PASSATO ANGEL LA RIPUDIA E PARTE PER IL BRASILE DOPO ESSERSI SPEZZATA LA SCHIENA SGOBBANDO NEI CAMPI SFINITA DALLA MISERIA PROPRIA E DELLA SUA FAMIGLIA TESS SI RASSEGNA A DIVENTARE LA MANTENUTA DI ALEC ANGEL PENTITO TORNA DA LEI CHE PRIMA GLI SI NEGA POI PUGNALATO A MORTE ALEC FUGGE CON LUI CHE TENTA DI PORTARLA IN SALVO LA POLIZIA LI SCOPRE E PER TESS NON C'E' ORMAI CHEIL CAPESTRO FILM A COLORI aPAL, STEREO aITALIANO aDRAMMA PSICO - SOeFILMS [VHS]xCodice MATERIA SPICS: 9960 aHardy Thomas e(soggetto)gCodice Soggetto SPICS: 28885 aPolanski Roman e(regista)gCodice regista SPICS: 1627 aSarde Philippee(musica)gCodice Musica SPICS: 11145